000 00588nam a2200229Ia 4500
003 OSt
005 20220928104213.0
006 a|||||r|||| 00| 0
007 ta
008 220927b |||||||| |||| 00| 0 eng d
024 _a29058
037 _cTextual
040 _aSDCL
_cSDCL
_beng
041 _2eng
_aeng
082 _aV2y7N46, M2.1
100 _aSiddiqui Ali
_9409597
245 0 _aSon of India.
260 _aNew Delhi
_bOrganising Secretary
_c1982
300 _a272p
_ccm.
942 _hV2y7N46, M2.1
_cTEXL
_2CC
999 _c725169
_d725169